00735nam a2200241 a 4500001001300000003000900013005001700022008004100039020002300080082001700103100002500120245004700145260003200192300000900224500003500233505001700268650001800285700002500303902000800328942000700336952013300343999001700476nice12345678IN_TiNIC20260116014834.0070403s2003 newa grp 000 0 eng  a0060507144 c25000a297.09bNAS1 aNasr, Seyyed Hossein aIslamb Religion, History and Civilization aNew York bHarperone c2003 a198p aincludes index and biblioraphy2 anotes, index aIslam-History1 aNasr, Seyyed Hossein bSRS cBK 001040708StackRoom-aHMIbHMId2007-04-03g250.00l9m2o297.09 NAS1p021763r2022-12-20s2020-08-28v250.00w2007-04-03yBK c17229d17229